|
|
|
|
| LEADER |
00000nam a22000005a 4500 |
| 001 |
vtls008888383 |
| 003 |
SK-MaSNL |
| 005 |
20260425222747.0 |
| 008 |
240314s2006 xo f d 000 0 slo |
| 015 |
|
|
|a SNBA2007/05-01880
|
| 020 |
|
|
|a 8080940045
|q (brož.)
|
| 040 |
|
|
|a SNK
|b slo
|c SNK
|e AACR2
|
| 041 |
0 |
|
|a slo
|a rom
|
| 043 |
|
|
|a e-xo---
|
| 044 |
|
|
|a xo
|c SK
|
| 072 |
|
7 |
|a 811.21/.22
|x Indoiránske jazyky
|2 konspekt
|
| 080 |
|
|
|a 811.214.58
|2 2001
|
| 080 |
|
|
|a 81'282
|2 2001
|
| 080 |
|
|
|a (437.6)
|2 2001
|
| 080 |
|
|
|a (038)81
|2 2001
|
| 100 |
1 |
|
|a Samko, Emil
|4 aut
|9 67931
|
| 245 |
1 |
0 |
|a Atlas rómskeho jazyka
|b (dialekticko - frekvenčný slovník na území SR)
|n 2. časť
|p Od P - Z
|c Emil Samko, Milan Samko
|
| 250 |
|
|
|a 1. vyd.
|
| 260 |
|
|
|a Nitra
|b Univerzita Konštantína Filozofa
|c 2006
|
| 300 |
|
|
|a 93 s.
|c 38 cm
|
| 366 |
|
|
|e 200 výt.
|
| 650 |
0 |
7 |
|a rómčina
|2 SNKPH
|9 2043
|
| 650 |
0 |
7 |
|a dialekty
|2 SNKPH
|9 19030
|
| 651 |
|
7 |
|a Slovensko
|2 SNKPH
|9 14231
|
| 655 |
|
7 |
|a dialektologické slovníky
|2 SNKPH
|9 73311
|
| 700 |
1 |
|
|a Samko, Milan
|4 aut
|9 313109
|
| 919 |
|
|
|a 80-8094-004-5
|
| 958 |
|
|
|a RQ
|
| 968 |
|
|
|d 81
|
| 999 |
|
|
|c 567410
|d 569340
|
| 952 |
|
|
|a SNK
|b SNK
|y VYP
|7 0
|p 17A0531642
|o snkSA 1345/2 D1
|i snk2006/25369
|8 0
|0 0
|1 0
|4 0
|d 2006-12-06
|l 0
|r 2016-06-30 00:00:00
|w 2026-02-23
|
| 952 |
|
|
|a SNK
|b SNK
|y PREZ
|7 0
|p 17A0531641
|o snkSA 1345/2
|i snk2006/25368
|8 0
|0 0
|1 0
|4 0
|d 2006-12-06
|l 0
|r 2025-01-23 00:00:00
|w 2026-02-23
|